| 000 | 00482nam a2200157Ia 4500 | ||
|---|---|---|---|
| 008 | 240126s9999 xx 000 0 und d | ||
| 041 | _aEnglish | ||
| 082 | _aPRMBA22-3873 | ||
| 100 | _aBoreddy Likhith Sumanth Pavan Kumar Reddy. | ||
| 245 | 2 |
_aA study of digital marketing practices by realtors of ties 2 cities in south India _bJessy Nair |
|
| 260 |
_bPES University _aBangalore |
||
| 440 | _aNULL | ||
| 650 | _aMarketing Management | ||
| 856 | _uPES1PG20MB064 | ||
| 942 | _cPR | ||
| 999 |
_c294748 _d294748 |
||